00756 a2200205 450000500170000002000190001705000230003624501130005925000180017226401060019030000290029633600260032533700280035133800260037950400500040565000120045565000300046765000210049770000320051820250904132232.0 a9780323998895  aTD 1040 bGWE 2025 aBiochar for Environmental Remediation :bPrinciples, applications and prospects / cedited by Willis Gwenzi  aFirst edition aAmsterdam, Netherlands ; Oxford, United Kingdom ; Cambridge, MA, United States :bElsevier ,cc[2021] a506 pagesbillustrations 2rdacontentatextbtxt 2rdamediaaunmediatedbn 2rdacarrieravolumebn aincludes bibliographical reference and index  aBiochar aEnvironmental remediation aSoil amendments  aGwenzi, Willis , eeditor .